000 00337nam a2200157Ia 4500
003 0STCL
008 150530s9999 xx 000 0 und d
040 _aSTCL
_cSTCL
100 _aDowen, E.
245 _aStudies in literature
260 _c1882
546 _aEnglish
942 _2ddc
_cBK
999 _c51504
_d51504
005 20220125170842.0